Animals of Mexico - Sudden Death - Statistics

General Stats
  • This quiz has been taken 39 times
    25 since last reset
  • The average score is 4 of 16
Answers on the Grid
Answers color-coded by a green-red scale on the quiz's grid according to % correct below.
Ocelots
Margay
Jaguars
Anteaters
Foxes
Sea Lions
Bison
Elk
Tapirs
Raccoons
Pronghorns
Bald Eagles
Flamingos
Condors
Opossums
Caimans
Giant Armadillo
Capybara
Sloths
Llamas
Piranhas
Rheas
Hedgehogs
Pikas
Brown Bears
Tigrinas
Hornets
Electric Eels
Gibbons
Leopards
Camels
Moose
 
Answer Stats
Answer % Correct
Jaguars
55%
Foxes
45%
Raccoons
45%
Ocelots
36%
Anteaters
27%
Caimans
27%
Flamingos
27%
Opossums
27%
Pronghorns
27%
Bald Eagles
18%
Condors
18%
Sea Lions
18%
Tapirs
18%
Bison
9%
Elk
0%
Margay
0%
No matching quizzes found
Score Distribution
Percent of People with Each Score
Percentile by Number Answered
Your Score History
You have not taken this quiz since the last reset